000
00260nam a2200109Ia 4500
008
230907s9999||||xx |||||||||||||| ||und||
082
_a
720.472
_b
BOE
245
0
_a
Energy performance of buildings :
260
_a
2016
_b
BK
_c
0
300
_a
London:
942
_c
BK
999
_c
597874
_d
597874